Państwa z najdłuższą siecią dróg - Statystyki

Ogólne statystyki
  • Ten quiz został rozwiązany 19 razy
  • Średni wynik to 18 z 20
Statystyki odpowiedzi
Długość (km) Odpowiedź % Poprawnych
644 480 Niemcy
100%
6 853 024 Stany Zjednoczone
100%
920 217 Australia
94%
1 751 868 Brazylia
94%
5 012 500 Chiny
94%
965 446 Francja
94%
683 175 Hiszpania
94%
5 903 293 Indie
94%
1 215 000 Japonia
94%
1 042 300 Kanada
94%
423 997 Polska
94%
1 529 373 Rosja
94%
487 700 Włochy
94%
950 974 Indonezja
89%
426 906 Turcja
89%
397 039 Wielka Brytania
89%
750 014 Republika Południowej Afryki
83%
579 564 Szwecja
78%
454 000 Finlandia
61%
1 052 210 Tajlandia
61%
Nie znaleziono quizów pasujących do podanych kryteriów
Rozkład punktacji
Procent ludzi z każdym wynikiem
Percentyl według liczby udzielonych odpowiedzi
Twoja historia wyników
Nie rozwiązałeś tego quizu